Tổng hợp KHTN: Cuộc sống và môi trường trái đất B

Đã lưu trong:
Bibliografiske detaljer
Format: Bog
Tags: Tilføj Tag
Ingen Tags, Vær først til at tagge denne postø!
Thư viện lưu trữ: Mạng thư viện Đại học Đà Nẵng
LEADER 00439nam a22001691a 4500
001 000040318
003 16613
005 20160412022911.0
008 160412s0 000
082 |a 4N(TK)2048 
245 |a Tổng hợp KHTN: Cuộc sống và môi trường trái đất B 
OWN |a LNN 
999 |a From the UDN01 
TYP |a Monograph 
980 |a Mạng thư viện Đại học Đà Nẵng